000 00568nam a2200169 i 4500
001 40722
003 ES-MaACL
005 20230906160311.0
007 t|
008 030306s1912 fr ||||1| fre d
100 1 _aCapitant, Henri.
_934854
245 1 0 _aCours de legislation industrielle (Lecence 3e annee)
_b: professe áa la Faculte de Droit de Paris, anne 1911-12 /
_cpar Henri Capitant.
260 _a[S.l. :
_bs.n.,
_c1912] (
_ePozuelo :
_fJ. Thevenot)
300 _a564 p. ;
_c23 cm.
650 4 _aIndustria-
_xLegislación.
_9164969
852 _aES-MaACL
_jB-554
999 _c40722
_d40722